000 00702nam a22001337a 4500
040 _cRUA
082 _aLMA VON 2010 B302 Or.1
100 _aVONG SOMONY ; វង្ស សុមន្នី
245 _aStudy on situation of land transaction in sangat chaom chau, khan dongkor, phnom penh , ការសិក្សាពីស្ថានភាពការផ្ទេរអចលនវត្ថុ នៅសង្កាត់ចោមចៅ ខណ្ឌដង្កោ រាជធានីភ្នំពេញ
260 _aPhnom Penh
_bRUA
_c2010
300 _aix ;50p.
_bill.
_c29cm.
856 _uhttps://drive.google.com/file/d/1l0HNzjm2LKqrW-iQvITxlfnK-JLNUJlH/view?usp=sharing
942 _cLMA
999 _c5544
_d5544